[Event "Lovsprings op 07th C"]
[Site "Ringsted"]
[Date "1995.03.17"]
[Round "2"]
[White "Hede, Kim Nygaard"]
[Black "Madsen, Tino"]
[Result "0-1"]
[WhiteElo "1687"]
[BlackElo "1534"]
[PlyCount "114"]
[EventDate "1995.03.10"]
[EventType "swiss"]
[EventRounds "7"]
[EventCountry "DEN"]
[SourceTitle "EXT 2023"]
[Source "ChessBase"]
[SourceDate "2022.10.05"]
[SourceVersion "1"]
[SourceVersionDate "2022.10.05"]
[SourceQuality "1"]

1. e4 e5 2. Nf3 Nc6 3. Bc4 Nf6 4. d4 exd4 5. e5 Ne4 6. 0-0 Be7 7. Re1 d5 8. exd6 Nxd6 9. Bd5 0-0 10. Bxc6 bxc6 11. Ne5 Bb7 12. Qxd4 Nb5 13. Qc4 Qd4 14. c3 Qxc4 15. Nxc4 Rad8 16. Na5 Ba8 17. a4 Nd6 18. Rxe7 Ne4 19. Nd2 Nxd2 20. Bxd2 Rxd2 21. Nc4 Rd5 22. Rxc7 Rfd8 23. h3 R5d7 24. Rxd7 Rxd7 25. Ne3 c5 26. Rd1 Rxd1+ 27. Nxd1 a5 28. Ne3 Be4 29. b3 Bb1 30. Nc4 Bc2 31. Nxa5 Kf8 32. Kf1 Ke7 33. Ke1 Kd6 34. Kd2 Be4 35. f3 Bd5 36. Kd3 h5 37. b4 cxb4 38. cxb4 Kc7 39. Kd4 Ba2 40. Kc5 h4 41. b5 Bb1 42. b6+ Kb8 43. b7 Kc7 44. b8Q+ Kxb8 45. Kb6 Bd3 46. Nc6+ Ka8 47. Nb4 Bf1 48. Nd5 Bxg2 49. a5 Bxf3 50. Nc7+ Kb8 51. a6 g5 52. a7+ Kc8 53. Nb5 Kd7 54. Nc7 g4 55. hxg4 h3 56. Na6 h2 57. Nc5+ Ke7 0-1